| 000 | 00546nam a2200181Ia 4500 | ||
|---|---|---|---|
| 003 | OSt | ||
| 005 | 20200814115636.0 | ||
| 008 | 190216s9999||||xx |||||||||||||| ||und|| | ||
| 020 | _a9788173710933 | ||
| 040 | _coclc | ||
| 082 |
_a547.7 _bKRI/C |
||
| 100 |
_aKrishnaswamy, N R _94132 |
||
| 245 | 0 |
_aChemistry Of Natural Products A Unified Approach / _cN R Krishnaswamy |
|
| 260 |
_bUniversities Press, _c1999. _aHyderbad: |
||
| 300 | _a224p | ||
| 650 | _aChemistry-Chemistry | ||
| 942 |
_cBK _2ddc _h547.7 _iKRI/C _k547.7 _mKRI/C |
||
| 999 |
_c2963 _d2963 |
||